|
|
|
|
| LEADER |
00000cam a2200000 7i4500 |
| 001 |
0000002965 |
| 005 |
20040325.0 |
| 020 |
0 |
0 |
|a 1899825894
|
| 090 |
0 |
0 |
|a 634.909954bPRO 2002
|
| 245 |
0 |
0 |
|a PRODUCTION, privatisation and preservation in Papua New Guinea forestry
|c Colin Hunt (editor)
|
| 260 |
0 |
0 |
|a London :
|b IIED ,
|c 2002
|
| 300 |
|
|
|a xiv, 126 p. :
|b ill. ;
|c 24 cm.
|
| 500 |
0 |
0 |
|a Includes bibliographical references : (p. 121-126)
|
| 650 |
0 |
0 |
|a Forests and forestry
|z Papua New Guinea
|
| 650 |
0 |
0 |
|a Privatization
|z Papua New Guinea
|
| 700 |
0 |
1 |
|a Hunt
|h Colin
|
| 710 |
1 |
1 |
|a International Institute for Environment and Development (IIED)
|
| 998 |
|
|
|a JPSM
|
| 999 |
|
|
|a 0000005217
|b Monograph
|c Open Shelf
|e Default branch
|